Patrologia Orientalis. (Record no. 183970)
[ view plain ]
| 000 -LEADER | |
|---|---|
| campo de control de longitud fija | 01639nam a2200301 i 4500 |
| 001 - NÚMERO DE CONTROL | |
| campo de control | 183970 |
| 003 - IDENTIFICADOR DE NÚMERO DE CONTROL | |
| campo de control | ES-MaACL |
| 005 - FECHA Y HORA DE LA ÚLTIMA TRANSACCIÓN | |
| campo de control | 20260130133739.0 |
| 008 - DATOS DE LONGITUD FIJA--INFORMACIÓN GENERAL | |
| campo de control de longitud fija | 150121s1908 fr |||| | fre d |
| 080 ## - NÚMERO DE LA CLASIFICACIÓN DECIMAL UNIVERSAL | |
| Número de la Clasificación Decimal Universal | 273.911 |
| 245 00 - MENCIÓN DEL TÍTULO | |
| Título | Patrologia Orientalis. |
| Número de parte o sección de la obra | Tomus quartus / |
| Mención de responsabilidad, etc. | [publié par] R. Graffin, F. Nau. |
| 260 ## - PUBLICACIÓN, DISTRIBUCIÓN, ETC. | |
| Lugar de publicación, distribución, etc. | Paris : |
| Nombre del editor, distribuidor, etc. | Firmin-Didot et Cie, |
| Fecha de publicación, distribución, etc. | 1908. |
| 300 ## - DESCRIPCIÓN FÍSICA | |
| Extensión | 725 p. ; |
| Dimensiones | 28 cm. |
| 505 8# - NOTA DE CONTENIDO CON FORMATO | |
| Nota de contenido con formato | Contiene: I, Les "Homiliae cathedrales" de Sévère d'Antioche (Homélies LII à LVII) / Rubens Duval -- 2. Les Plus anciens monuments du Christianisme écrits sur papyrus / C. Wessely -- 3. Histoire nestorienne (chronique de Séert) (Première partie, fasc. 1) /. Addai Scher et J. Périer -- 4. La cause de la fondation des écoles (écrit de Mar Barhadbsabba Arbaia, evêque de Halwan / Addai Scher -- 5. Histoire de S. Pacome et de S. Jean-Baptiste. Miracle de S. Michel a Colosses / J. Bousquet et F. Nau -- 6. The life of Severus Patriarch of Antioch, by Athanasius (of Antioch) / E.- J.Goodspeed et W.E. Crum |
| 650 ## - PUNTO DE ACCESO ADICIONAL DE MATERIA--TÉRMINO DE MATERIA | |
| Término de materia o nombre geográfico como elemento de entrada | Patrística. |
| 9 (RLIN) | 15895 |
| 650 07 - PUNTO DE ACCESO ADICIONAL DE MATERIA--TÉRMINO DE MATERIA | |
| Término de materia o nombre geográfico como elemento de entrada | Literatura cristiana primitiva |
| Fuente del encabezamiento o término | embne |
| 9 (RLIN) | 14529 |
| 700 1# - ENTRADA AGREGADA--NOMBRE PERSONAL | |
| Nombre de persona | Graffin, René, |
| Fechas asociadas al nombre | 1858-1941 |
| 9 (RLIN) | 156163 |
| 700 1# - ENTRADA AGREGADA--NOMBRE PERSONAL | |
| Nombre de persona | Nau, François. |
| 9 (RLIN) | 85006 |
| 700 1# - ENTRADA AGREGADA--NOMBRE PERSONAL | |
| Nombre de persona | Duval, Rubens ( |
| Fechas asociadas al nombre | 1839-1911) |
| 9 (RLIN) | 156168 |
| 700 1# - ENTRADA AGREGADA--NOMBRE PERSONAL | |
| Nombre de persona | Wessely, Karl, |
| Fechas asociadas al nombre | 1860-1931 |
| 9 (RLIN) | 156169 |
| 700 1# - ENTRADA AGREGADA--NOMBRE PERSONAL | |
| Nombre de persona | Scher, Addai, |
| Fechas asociadas al nombre | 1867-1916 |
| 9 (RLIN) | 156170 |
| 700 1# - ENTRADA AGREGADA--NOMBRE PERSONAL | |
| Nombre de persona | Périer, Jean-Baptiste, |
| Fechas asociadas al nombre | 1870-1940 |
| 9 (RLIN) | 156171 |
| 700 0# - ENTRADA AGREGADA--NOMBRE PERSONAL | |
| Nombre de persona | Bousquet, Jacques. |
| 9 (RLIN) | 31037 |
| 700 0# - ENTRADA AGREGADA--NOMBRE PERSONAL | |
| Nombre de persona | Goodspeed, Edgar Johnson. |
| 9 (RLIN) | 59115 |
| 700 1# - ENTRADA AGREGADA--NOMBRE PERSONAL | |
| Nombre de persona | Crum, Walter Ewing, |
| Fechas asociadas al nombre | 1865-1944 |
| 9 (RLIN) | 156172 |
| 852 ## - LOCALIZACIÓN | |
| Ubicación | ES-MaACL |
| Número de control de estantería | G-693 |
| Estatus retirado | Estado de pérdida | Estado de daño | No para préstamo | Biblioteca de origen | Biblioteca actual | Ubicación en estantería | Fecha de adquisición | Fuente de adquisición | Total de préstamos | Signatura topográfica completa | Código de barras | Visto por última vez | Precio de reemplazo | Tipo de ítem Koha |
|---|---|---|---|---|---|---|---|---|---|---|---|---|---|---|
| Biblioteca del Ateneo de Madrid | Biblioteca del Ateneo de Madrid | Depósito 2 | 21/01/2015 | G-693 | 1193455 | 23/02/2023 | 23/02/2023 | Libro impreso |
